000 00631 a2200193 4500
001 61839
005 20260407155910.0
008 260407a1969 arg spa d
003 AR-UNSa-BCEJYS
040 _aAR-UNSa-BCEJYS
_bspa
_cAR-UNSa-BCEJYS
080 _a347.42
_xEfectos de las obligaciones. Cumplimiento. Incumplimiento. Errores. Negligencia
245 1 0 _aAbuso del derecho, lesión e imprevisión
_pen la reforma del Código Civil
264 1 _aBuenos Aires :
_bAstrea
_c1969
300 _axvi, 265 p.
_c24 cm.
041 _aspa
942 _cBK
590 _aniveau_biblio:m niveau_hierar:0
100 1 _aMolina, Juan Carlos
999 _c7429
_d7429